|
|
|
|
| LEADER |
01054nam a2200301 i 4500 |
| 001 |
000982726 |
| 003 |
CZ BrMZK |
| 005 |
20170927140256.0 |
| 007 |
ta |
| 008 |
010907s1990 au er 000 0 ger d |
| 020 |
|
|
|a 3-7017-0618-2
|q (vázáno)
|
| 040 |
|
|
|a BOA001
|b cze
|e rda
|
| 080 |
|
|
|a 82-82
|2 MRF
|
| 080 |
|
|
|a 821.112.2(436)
|2 MRF
|
| 100 |
1 |
|
|a Achleitner, Friedrich,
|d 1930-2019
|7 jn19990000060
|4 aut
|
| 245 |
1 |
0 |
|a Von A bis Zett :
|b 11 Alphabete, ausgedacht und Reim gebracht /
|c von Friedrich Achleitner ... [et al.]
|
| 264 |
|
1 |
|a Salzburg :
|b Residenz,
|c 1990
|
| 300 |
|
|
|a 39 stran
|
| 336 |
|
|
|a text
|b txt
|2 rdacontent
|
| 337 |
|
|
|a bez média
|b n
|2 rdamedia
|
| 338 |
|
|
|a svazek
|b nc
|2 rdacarrier
|
| 650 |
0 |
7 |
|a antologie
|7 ph118523
|2 czenas
|
| 650 |
0 |
7 |
|a rakouská literatura
|7 ph125011
|2 czenas
|
| 655 |
|
7 |
|a antologie
|7 fd131819
|2 czenas
|
| 910 |
|
|
|a BOA001
|b RK-0001.349
|
| 990 |
|
|
|a BK
|
| 991 |
|
|
|b 201006
|z 000008478
|x 33
|
| 996 |
7 |
|
|b 261A002662
|c RK-0001.349
|l Rakouská knihovna/2.patro
|r ZHR
|n 0
|p {1-B-01.349}
|h GD-antol
|w 000982726
|u 000010
|a 0
|e BOA001
|j MZK50
|s A
|